000 00442nam a2200169 4500
999 _c12343
_d12343
008 210128b ||||| |||| 00| 0 eng d
020 _a81-7146-020-8
_cRs.500.00
041 0 _ahin
082 0 0 _a891.43
_bB195
245 1 0 _aVishwa laghukatha kosha Vol.4 /
_cedited by Balram
250 _a1st ed.
260 _aDelhi:
_bSanmarg prakashan,
_c1995.
300 _a592 p.
365 _bINR 500.00
650 0 _aHindi fiction
942 _2ddc
_cBK